| 000 | 00785pam a2200229 a 4500 | ||
|---|---|---|---|
| 020 | _a0521331889 | ||
| 020 | _a0521337690 (pbk.) | ||
| 040 | _cDLC | ||
| 082 | 0 | 0 | _a333 CAM 1987 A075 Or. |
| 100 | 1 | _aConrad, Jon M. | |
| 245 | 1 | 0 |
_aNatural resource economics : _bnotes and problems / |
| 260 |
_aCambridge [Cambridgeshire] ; _aNew York : _bCambridge University Press, _c1987. |
||
| 300 |
_ax, 231 p. : _bill. ; _c24 cm. |
||
| 500 | _aIncludes index. | ||
| 650 | 0 | _aNatural resources. | |
| 650 | 0 | _aEnvironmental policy. | |
| 700 | 1 | _aClark, Colin Whitcomb, | |
| 856 | 4 | 1 | _uhttp://www.loc.gov/catdir/samples/cam034/87011582.html |
| 856 | 4 | 2 | _uhttp://www.loc.gov/catdir/description/cam023/87011582.html |
| 856 | 4 | 1 | _uhttp://www.loc.gov/catdir/toc/cam025/87011582.html |
| 942 | _cEK | ||
| 999 |
_c15354 _d15354 |
||